Countries That Don't Celebrate Christmas - Statistics

General Stats
  • This quiz has been taken 93 times
  • The average score is 27 of 34
Answers on the Map
Answers color-coded by a green-red scale on the quiz's map according to % correct below.
 
Answer Stats
Answer % Correct
Christmas is not a Public Holiday Afghanistan
95%
Christmas is not a Public Holiday, but observance is given Iran
93%
Christmas is not a Public Holiday Saudi Arabia
93%
Christmas is not a Public Holiday, but observance is given China
92%
Christmas is not a Public Holiday Yemen
91%
Christmas is not a Public Holiday, but observance is given Oman
89%
Christmas is not a Public Holiday, but observance is given Pakistan
89%
Christmas is not a Public Holiday, but observance is given United Arab Emirates
89%
Christmas is not a Public Holiday, but observance is given Morocco
88%
Christmas is not a Public Holiday North Korea
88%
Christmas is not a Public Holiday Libya
85%
Christmas is not a Public Holiday, but observance is given Turkey
85%
Christmas is not a Public Holiday, but observance is given Vietnam
85%
Christmas is not a Public Holiday Algeria
82%
Christmas is not a Public Holiday, but observance is given Qatar
82%
Christmas is not a Public Holiday, but observance is given Cambodia
81%
Christmas is not a Public Holiday, but observance is given Kuwait
81%
Christmas is not a Public Holiday Tunisia
81%
Christmas is not a Public Holiday, but observance is given Laos
80%
Christmas is not a Public Holiday, but observance is given Mongolia
80%
Christmas is not a Public Holiday, but observance is given Japan
78%
Christmas is not a Public Holiday Tajikistan
78%
Christmas is not a Public Holiday Turkmenistan
78%
Christmas is not a Public Holiday, but observance is given Thailand
77%
Christmas is not a Public Holiday, but observance is given Uzbekistan
77%
Christmas is not a Public Holiday, but observance is given Bahrain
74%
Christmas is not a Public Holiday, but observance is given Israel
74%
Christmas is not a Public Holiday Mauritania
74%
Christmas is not a Public Holiday Somalia
74%
Christmas is not a Public Holiday Bhutan
70%
Christmas is not a Public Holiday, but observance is given Azerbaijan
68%
Christmas is not a Public Holiday, but observance is given Maldives
65%
Christmas is not a Public Holiday, but observance is given Taiwan
62%
Christmas is not a Public Holiday, but observance is given Comoros
45%
No matching quizzes found
Score Distribution
Percent of People with Each Score
Percentile by Number Answered
Your Score History
You have not taken this quiz